| 000 | 01068nam a22003137a 4500 | ||
|---|---|---|---|
| 005 | 20110128144854.0 | ||
| 008 | 110128t xxu||||| |||| 00| 0 eng d | ||
| 010 | _aENG-101981 | ||
| 020 |
_a9780070681873 _c325.00 |
||
| 020 |
_a0070681872 _c325.00 |
||
| 035 | _aEN-85514 | ||
| 037 | _bDBAD/PUB | ||
| 040 |
_adpl _bEng |
||
| 082 | _a005.1 | ||
| 100 |
_925452 _aBuhari,Seyed Mohamed |
||
| 245 |
_aPrinciples of programming languages : _cby Seyed Mohamed Buhari _ba paradigm approach / |
||
| 260 |
_aNew Delhi _bTata McGraw Hill _c2011 |
||
| 270 |
_a7 West Patel Nagar _bNew Delhi _e2010 |
||
| 300 |
_axx, 441 p. _c24cm (pbk) |
||
| 500 | _aIncludes bibliographical references and index | ||
| 650 |
_925454 _aProgramming languages (Electronic computers) |
||
| 650 | _925455 | ||
| 650 | _925456 | ||
| 650 | _925457 | ||
| 700 | _925458 | ||
| 700 | _925459 | ||
| 942 |
_2ddc _cEN _h005.1 _mBUH |
||
| 999 |
_c50192 _d50192 |
||